Chansons des films Descendants - Statistiques

Statistiques générales
  • Ce quiz a été pris 129 fois
  • Le résultat moyen est 17 sur 28
Statistiques - réponses
Hint Réponse % Correct
Descendants 1 If only
91%
Descendants 2 What's my name
88%
Descendants 4 What's my name
88%
Descendants 1 Rotten to the core
86%
Descendants 1 Did I mention
84%
Descendants 2 Space between
82%
Descendants 3 Queen of mean
75%
Descendants 2 You and me
75%
Descendants 1 Evil like me
74%
Descendants 2 Chillin' like a villain
73%
Descendants 3 One kiss
73%
Descendants 1 Set it off
67%
Descendants 2 It's going down
65%
Descendants 2 Ways to be wicked
65%
Descendants 3 Night falls
62%
Descendants 1 Be our guest
59%
Descendants 3 Break this down
58%
Descendants 3 Good to be bad
58%
Descendants 3 My once upon a time
55%
Descendants 4 Red
49%
Descendants 3 Do what you gotta do
42%
Descendants 4 Life is sweeter
37%
Descendants 4 Perfect revenge
35%
Descendants 4 Love ain't it
34%
Descendants 4 Get your hands dirty
31%
Descendants 4 Fight of our lives
28%
Descendants 4 Shuffle of love
28%
Descendants 4 So this is love
26%
Aucun quiz correspondant
Distribution des résultats
% des personnes avec chaque résultat
Percentile par nombre de réponses
Votre historique - résultats
Vous n’avez pas pris ce quiz